Statistics for All 5 Seconds Of Summer Songs

Click here to take the quiz!

General Stats

  • This quiz has been taken 127 times
    (126 since last reset)
  • The average score is 58 of 89

Answer Stats

AlbumSong% Correct
5 Seconds Of SummerDon't Stop
96%
5 Seconds Of SummerAmnesia
95%
5 Seconds Of SummerShe Looks So Perfect
95%
Sounds Good Feels GoodShe's Kinda Hot
90%
5 Seconds Of SummerGood Girls
89%
YoungbloodYoungblood
89%
5 Seconds Of SummerHeartbreak Girl
82%
Sounds Good Feels GoodMoney
82%
5 Seconds Of SummerVoodoo Doll
81%
YoungbloodWant You Back
81%
YoungbloodLie To Me
80%
5 Seconds Of SummerEnglish Love Affair
78%
YoungbloodGhost Of You
78%
Sounds Good Feels GoodHey Everybody!
78%
Sounds Good Feels GoodInvisible
78%
YoungbloodValentine
78%
GhosbustersGirls Talk Boys
77%
5 Seconds Of Summer18
76%
Sounds Good Feels GoodAirplanes
76%
Sounds Good Feels GoodJet Black Heart
76%
Sounds Good Feels GoodBroken Home
75%
Sounds Good Feels GoodCastaway
75%
YoungbloodEmpty Wallets
75%
YoungbloodBabylon
73%
YoungbloodMonster Among Men
73%
World War Joy (The Chainsmokers)Who Do You Love
73%
Somewhere NewBeside You
72%
5 Seconds Of SummerBeside You
72%
YoungbloodMore
72%
Single (2019)Teeth
72%
Sounds Good Feels GoodVapor
72%
Sounds Good Feels GoodOuter Space/Carry On
71%
YoungbloodBetter Man
70%
Don't Stop (EP)Try Hard
70%
She Looks So Perfect (EP)Disconnected
68%
Sounds Good Feels GoodPermanent Vacation
68%
Sounds Good Feels GoodSafety Pin
68%
Single (2019)Easier
67%
5 Seconds Of SummerEnd Up Here
67%
Sounds Good Feels GoodFly Away
67%
5 Seconds Of SummerLong Way Home
67%
Somewhere NewOut Of My Limit
67%
Sounds Good Feels GoodThe Girl Who Cried Wolf
67%
YoungbloodWoke Up In Japan
67%
Sounds Good Feels GoodCatch Fire
66%
5 Seconds Of SummerKiss Me Kiss Me
66%
YoungbloodMeet You There
66%
500 Years Of WinterPizza
66%
YoungbloodTalk Fast
66%
5 Seconds Of SummerEverything I Didn't Say
65%
Sounds Good Feels GoodSan Francisco
65%
YoungbloodMoving Along
63%
5 Seconds Of SummerMrs All American
63%
Don't Stop (EP)Rejects
63%
5 Seconds Of SummerGreenlight
62%
She Looks So Perfect (EP)Heartache On The Big Screen
62%
Queen CoverKiller Queen (Cover)
62%
YoungbloodWhy Won't You Love Me
62%
5 Seconds Of SummerNever Be
61%
Song "for the fans" (2013)Wherever You Are
61%
Amnesia (EP)Daylight
59%
Somewhere NewGotta Get Out
59%
UnpluggedGotta Get Out
59%
YoungbloodIf Walls Could Talk
59%
Sounds Good Feels GoodWaste The Night
59%
Amnesia (EP)American Idiot (Cover)
57%
She's Kinda Hot (EP)Broken Pieces
57%
5 Seconds Of SummerSocial Casualty
57%
5 Seconds Of SummerLost Boy
54%
She's Kinda Hot (EP)Over And Out
54%
Somewhere NewUnpredictable
54%
5 Seconds Of SummerIndependence Day
53%
She Looks So Perfect (EP)What I Like About You (Cover)
53%
5 Seconds Of SummerTomorrow Never Dies
52%
YoungbloodBest Friend
51%
She's Kinda Hot (EP)Lost In Reality
51%
5 Seconds Of SummerClose As Strangers
49%
Good Girls (EP)Just Saying
49%
She Looks So Perfect (EP)The Only Reason
49%
UnpluggedI Miss You (Cover)
48%
Don't Stop (EP)If You Don't Know
46%
UnpluggedJasey Rae (Cover)
44%
Sounds Good Feels GoodStory Of Another Us
44%
UnpluggedToo Late
42%
YoungbloodMidnight
41%
Sounds Good Feels GoodThe Space Between A Rock And A Hard Place
39%
YoungbloodWhen You Walk Away
33%
Song for the Football World CupHearts Upon Our Sleeves
28%
Don't Stop (EP)Wrapped Around Your Fingers
10%

Score Distribution

Percentile by Number Answered

Percent of People with Each Score

Your Score History

You have not taken this quiz since the last reset